Pôsobenie a činnosť Medzinárodnej investičnej banky a Medzinárodnej banky pre hospodársku spoluprácu

V systéme medzinárodných finančných organizácií patrí popredné miesto Skupine Svetovej banky. Avšak nezanedbateľné miesto patrí aj Medzinárodnej investičnej banke a Medzinárodnej banke pre hospodársku spoluprácu, ktorých je Slovenská republika členským štátom. Analýza postavenia uvedených bánk a čle...

Descrizione completa

Salvato in:
Dettagli Bibliografici
Autore principale: Milošovičová, Petra
Natura: Capitolo di libro
Lingua:slovacco
Soggetti:
Tags: Aggiungi Tag
Nessun Tag, puoi essere il primo ad aggiungerne!!

MARC

LEADER 00000nla a2200000 4500
001 0224047
005 20240417075109.2
041 0 |a slo 
044 |a SK 
245 1 0 |a Pôsobenie a činnosť Medzinárodnej investičnej banky a Medzinárodnej banky pre hospodársku spoluprácu  |c Petra Milošovičová 
520 |a V systéme medzinárodných finančných organizácií patrí popredné miesto Skupine Svetovej banky. Avšak nezanedbateľné miesto patrí aj Medzinárodnej investičnej banke a Medzinárodnej banke pre hospodársku spoluprácu, ktorých je Slovenská republika členským štátom. Analýza postavenia uvedených bánk a členstvo Slovenskej republiky v týchto medzinárodných organizáciách. Rozšírenie geografickej prítomnosti Medzinárodnej investičnej banky na Slovensku. 
610 2 0 |a organizácie medzinárodné 
610 2 0 |a Svetová banka 
610 2 0 |a spolupráca hospodárska medzinárodná 
610 2 0 |a banky investičné 
610 2 0 |a kapitál bankový 
610 2 0 |a podnikanie 
100 1 |a Milošovičová, Petra